|
|
|
|
| LEADER |
00000cam a2200000 7i4500 |
| 001 |
0000001757 |
| 005 |
20040225.0 |
| 090 |
0 |
0 |
|a JPSM634.95095951
|b SIN 1980
|
| 100 |
1 |
0 |
|a SINGHAM
|h S. S.
|
| 245 |
1 |
0 |
|a Artificial regeneration of forests :
|b with particular reference to silvilcultural practices in Peninsular Malaysiccompiled by S.S. Singham
|
| 260 |
0 |
0 |
|a Kuala Lumpur :
|b Forestry Training Unit ,
|c 1980
|
| 300 |
|
|
|a 205 p. :
|b ill. ;
|c 28 cm.
|
| 500 |
0 |
0 |
|a A collection of notes for the use of officers in the Forestry Department
|
| 650 |
0 |
0 |
|a Forestry research
|z Peninsular Malaysia
|
| 650 |
0 |
0 |
|a Reforestation
|z Peninsular Malaysia
|
| 998 |
|
|
|a JPSM
|
| 999 |
|
|
|a 0000002794
|b Monograph
|c Open Shelf
|e Default branch
|
| 999 |
|
|
|a 0000005116
|b Monograph
|c Open Shelf
|e Default branch
|